000 00640nam a2200217Ia 4500
003 OSt
005 20240413110523.0
008 210210b1940 xxu||||| |||| 00| 0 eng d
040 _cAL
041 _aHindi
082 _a465/85
100 _aVAJPEYI (Ambikaprasad)
_dअम्बिकाप्रसाद वाजपेयी
_9159972
245 _aAbhinav Hindi vyakaran
_bअभिनव - हिंदी व्याकरण
260 _aCalcutta
_b-
_c1940
650 _avyakaran
_9159973
650 _aHindi
_9159974
650 _aAbhinav
_9159975
690 _aHindi Grammar
_9159976
906 _a006919
942 _2ddc
_cBK
999 _c141000
_d141000